Riconosci lo Stato - Quiz n°17 - Statistics

Statistiche generali
  • Questo quiz è stato fatto 75 volte
  • Il punteggio medio è 12 su 13
Statistiche sulle risposte
Indizio Risposta % Corretto
Superficie 2 586 km²
97%
Valuta Euro
97%
Risposta Lussemburgo
97%
Tasso di crescita 1,7%
95%
Indipendenza 19 aprile 1839 dai Paesi Bassi 11 maggio 1867 dalla Confederazione germanica
95%
PIL (nominale) 68 770 milioni di $
95%
Popolazione 634 730 ab.
95%
Granduca Enrico di Lussemburgo
95%
Iniziale della Capitale L
95%
Primo ministro Luc Frieden
95%
Forma di Governo Monarchia parlamentare (Granducato)
95%
Fuso Orario UTC+1 UTC+2 in ora legale
95%
ISU 0,930
92%
Nessun quiz corrispondente trovato
Distribuzione punteggi
Percentuale di utenti per punteggio
Percentile per numero di risposta
I tuoi punteggi nel tempo
Non hai fatto questo quiz